000 00664nam a2200241 i 4500
001 C2-0301459
003 PPAK
005 20180728082743.0
008 091210s2008 my |||| ||||| | may d
020 _a9789834602116
040 _aPPAK
_beng
_cPPAK
_erda
082 0 4 _a899.233
_223
090 0 0 _a899.233
_bSIT
_dG
100 0 _aSiti Hajar Mohd Zaki,
_eauthor
245 1 0 _aYang lebih dia cinta
264 1 _aKuala Lumpur :
_bDewan Bahasa dan Pustaka ,
_c2008
300 _aviii, 226 pages ;
_c19 cm
336 _2rdacontent
_atext
337 _2rdamedia
_aunmediated
338 _2rdacarrier
_avolume
650 1 0 _aShort stories, Malay.
942 _ddc
_cB
999 _c105242
_d105242